Statistics for Fast Typing (HARD)

Click here to take the quiz!

General Stats

  • This quiz has been taken 94 times
  • The average score is 37 of 50

Answer Stats

HintAnswer% Correct
11
100%
22
98%
33
96%
44
96%
55
95%
66
95%
77
93%
88
93%
99
91%
1010
88%
1212
86%
1111
84%
1313
84%
1515
84%
1616
84%
1414
82%
1717
82%
1818
82%
1919
80%
2020
80%
2121
77%
2222
77%
2323
77%
2424
77%
2525
75%
2626
75%
2727
75%
2828
75%
2929
71%
3131
70%
3232
70%
3030
68%
3333
68%
3434
66%
3535
64%
3636
63%
3737
63%
3838
61%
3939
61%
4141
61%
4040
59%
4444
59%
4545
59%
4242
57%
4343
57%
4646
52%
4747
52%
4848
50%
4949
50%
5050
48%

Score Distribution

Percentile by Number Answered

Percent of People with Each Score

Your Score History

You have not taken this quiz